| 000 | 00000nam##2200000za#4500 |
| 001 | 9.642443 |
| 003 | CaOODSP |
| 005 | 20210624223713 |
| 007 | cr ||||||||||| |
| 008 | 150407|1996||||xxc|||||o f|0| 0 fre|d |
| 040 | |aCaOODSP|bfre |
| 043 | |an-cn--- |
| 086 | 1 |aE100-2/1-95-1904-04F-PDF |
| 110 | 2 |aSecrétariat de l'ALÉNA. |
| 245 | 10|aEn l'affaire de: une décision définitive de dumping concernant le sucre raffiné tiré de la canne à sucre ou de la betterave sucrière sous forme de granules, de liquide et de poudre, originaire ou exporté des États-Unis d'Amérique : |h[ressource électronique]|bavis et ordonnance |
| 246 | 1 |aArticle 1904 examen par un Groupe spécial binational aux termes de l'Accord de libre-échange nord-américain |
| 260 | |aOttawa - Ontario : |bSecrétariat de l'ALÉNA |c9 octobre 1996. |
| 300 | |a45p.|bréférences |
| 590 | |a13-21-Supp|b2013-09-16 |
| 691 | 07|aArbitrage|2gcpds |
| 691 | 07|aDumping|2gcpds |
| 691 | 07|aLibre-échange|2gcpds |
| 691 | 07|aProduit agro-alimentaire|2gcpds |
| 856 | 40|ahttp://publications.gc.ca|qPDF|s136 Ko|uhttps://publications.gc.ca/collections/Collection/E100-2-1-95-1904-04F.pdf |
| 986 | |aCDA-95-1904-04 |